10 Tiere mit exakt 5 Buchstaben (9live) - Statistiken

Allgemein
  • Dieses Quiz wurde 54 mal gespielt
  • Das Durchschnittsergebnis liegt bei 3 aus 10
Antwortstatistiken
10 Tiere mit exakt 5 Buchstaben % Korrekt
Katze
89%
Tiger
61%
Fuchs
48%
Kamel
27%
Zebra
25%
Ziege
25%
Robbe
14%
Wespe
14%
Otter
11%
Taube
9%
Keine übereinstimmenden Quizze gefunden
Verteilung der Resultate
Anzahl Personen mit jedem Resultat
Perzentil nach korrekt beantworteten Fragen
Ihre Resultats-Entwicklung
Sie haben dieses Quiz noch nicht gespielt